Pozícia a rola Slovenskej republiky ako malého štátu v Bezpečnostnej rade OSN
Vnímanie medzinárodnej pozície štátu. Členstvo Slovenskej republiky v Bezpečnostnej rade OSN ako potvrdenie životaschopnosti Slovenska ako samostatného štátu. Angažovanosť SR v riešení kríz a v mierových operáciách. Solidarita s Afrikou. Možnosť ovplyvňovať spoločnú zahraničnú a bezpečnostnú plitiku...
Saved in:
| Main Author: | |
|---|---|
| Format: | Book Chapter |
| Language: | Slovak |
| Subjects: | |
| Tags: |
No Tags, Be the first to tag this record!
|
MARC
| LEADER | 00000naa$a2200000$$$4500 | ||
|---|---|---|---|
| 001 | 0053065 | ||
| 005 | 20240502071619.5 | ||
| 041 | 0 | |a slo | |
| 044 | |a SK | ||
| 245 | 1 | 0 | |a Pozícia a rola Slovenskej republiky ako malého štátu v Bezpečnostnej rade OSN |c Peter Weiss |
| 520 | |a Vnímanie medzinárodnej pozície štátu. Členstvo Slovenskej republiky v Bezpečnostnej rade OSN ako potvrdenie životaschopnosti Slovenska ako samostatného štátu. Angažovanosť SR v riešení kríz a v mierových operáciách. Solidarita s Afrikou. Možnosť ovplyvňovať spoločnú zahraničnú a bezpečnostnú plitiku Európskej únie. | ||
| 610 | 2 | 0 | |a politika zahraničná |
| 610 | 2 | 0 | |a vzťahy medzinárodné |
| 610 | 2 | 0 | |a spolupráca medzinárodná |
| 610 | 2 | 0 | |a organizácie medzinárodné |
| 610 | 2 | 0 | |a bezpečnosť |
| 100 | 1 | |a Weiss, Peter | |